Nazwy pociągów PKP IC na stacji Lublin Główny RJ 2024/2025 - Statystyki

Ogólne statystyki
  • Ten quiz został rozwiązany 66 razy
  • Średni wynik to 12 z 23
Statystyki odpowiedzi
Hint Odpowiedź % Poprawnych
IC Zamoyski
71%
IC Górski
69%
IC Inka
62%
IC Koziołek
62%
IC Wisłok
62%
IC Bolko
60%
IC Bystrzyca
60%
IC Chełmianin
60%
IC Rejewski
58%
IC Sztygar
53%
IC Czechowicz
51%
IC Jadwiga
51%
IC Kiev Express
51%
IC Kochanowski
51%
IC Jagiełło
49%
IC Morcinek
49%
IC Noteć
49%
IC Kujawiak
47%
IC Kopernik
44%
IC Stryjeńska
36%
IC Strzelecki
36%
IC Warta
33%
IC Łempicka
31%
Nie znaleziono quizów pasujących do podanych kryteriów
Rozkład punktacji
Procent ludzi z każdym wynikiem
Percentyl według liczby udzielonych odpowiedzi
Twoja historia wyników
Nie rozwiązałeś tego quizu